000 00853nam a2200253Ia 4500
003 OSt
005 20220930193334.0
006 a|||||r|||| 00| 0
007 ta
008 220926b |||||||| |||| 00| 0 eng d
024 _a11396
037 _cDissertations
040 _aCRL
_cCRL
_beng
041 _2eng
_aeng
100 _aNagpal Sunil
_9562219
110 _aUniversity of Delhi. Faculty of Medical Sciences. Department of Paediatrics
245 0 _aChildhood tuberculosis clinical profile and significance of circulating immune complexes
260 _c1992
650 _aCHILDREN - DISEASES
700 _a Dr V K Srivastava Supervisor
_9520193
700 _aUniversity of Delhi. Faculty of Medical Sciences. Department of Paediatrics
942 _cDIS
_2CC
999 _c896374
_d896374